00321nam a2200133Ia 4500008004100000041000800041082001200049100001800061245002600079250001500105260003200120300002600152365000900178240624s9999 xx 000 0 und d aeng a306 EMB aEMBER CAROL R aCULTURAL ANTHROPOLOGY a(13th ed.) c2011aBostonbPrentice Hall axvii, : 412p. ; 28cm. cb30